000 00664nam a2200253Ia 4500
003 OSt
005 20220928131359.0
006 a|||||r|||| 00| 0
007 ta
008 220927b |||||||| |||| 00| 0 eng d
024 _a74470
037 _cTextual
040 _aSDCL
_cSDCL
_beng
041 _2eng
_aeng
082 _aX:54, N8
100 _aAppleyard Dennis R
_9477895
245 0 _aInternational economics
250 _a3
260 _aBoston
_bMcgraw-Hill
_c1998
300 _axxiv,748p
_ccm.
700 _a Field Alfred J
_9477896
942 _hX:54, N8
_cTEXL
_2CC
999 _c790383
_d790383